000 00716nam a22002537a 4500
003 CHAP
005 20220329140820.0
008 971013s1981 r 00010 d
010 _a58064
011 _a59036
035 _a63193
040 _cCHAP
082 _a581.134153
_bS5
100 0 0 _aSmith, H.
_eed.
_9107024
245 _aPlants and the daylight spectrum
260 _aLondon :
_bAcademic Press,
_c1981
300 _a508 p.
_b: ilus.
590 _aBATCH-UPD
_b10
_c20130110
_lUCH01
_h1104
590 _aCONVERSION
_b10
_c20130109
_lUCH01
_h1331
650 1 4 _aLuz
_xEfecto en plantas.
_969241
901 _aBK
942 _cLIBRO
949 _a581.134153 S5
_bBC
_cLIBRO
_d33724000544169
_eLIBRO
_h58503
_i63193
_si
999 _c58064
_d58064